[Event "ODJM C 2024"]
[Site "Willingen GER"]
[Date "2024.05.24"]
[Round "8"]
[White "Prigandt, Junis"]
[Black "Börner, Martha"]
[Result "1/2-1/2"]
[Termination "normal"]
[Board "19"]
[WhiteElo "1181"]
[BlackElo "1197"]
[WhiteClock "00:36:06"]
[BlackClock "00:58:25"]
[PlyCount "59"]
[WhiteFideId "34631712"]
[BlackFideId "34665382"]
[EventCountry "GER"]
[EventRounds "9"]
[EventType "swiss"]
[EventDate "2024.05.18"]

1. c4 {[%clk 01:30:14]} {[%emt 00:00:46]} g6 {[%clk 01:30:52]} {[%emt
00:00:07]} 2. Nf3 {[%clk 01:30:37]} {[%emt 00:00:09]} Bg7 {[%clk 01:31:12]}
{[%emt 00:00:09]} 3. g3 {[%clk 01:30:53]} {[%emt 00:00:15]} c5 {[%clk
01:31:31]} {[%emt 00:00:12]} 4. Bg2 {[%clk 01:31:17]} {[%emt 00:00:06]} d6
{[%clk 01:31:18]} {[%emt 00:00:42]} 5. O-O {[%clk 01:31:18]} {[%emt 00:00:28]}
Nf6 {[%clk 01:31:22]} {[%emt 00:00:26]} 6. Nc3 {[%clk 01:30:23]} {[%emt
00:01:26]} O-O {[%clk 01:31:37]} {[%emt 00:00:14]} 7. d4 {[%clk 01:30:16]}
{[%emt 00:00:37]} d5 {[%clk 01:30:21]} {[%emt 00:01:46]} 8. dxc5 {[%clk
01:26:50]} {[%emt 00:03:57]} dxc4 {[%clk 01:29:52]} {[%emt 00:00:58]} 9. Bf4
{[%clk 01:24:21]} {[%emt 00:02:58]} Nc6 {[%clk 01:28:33]} {[%emt 00:01:49]} 10.
Nd2 {[%clk 01:21:39]} {[%emt 00:03:12]} Be6 {[%clk 01:24:06]} {[%emt 00:04:57]}
11. Qa4 {[%clk 01:21:00]} {[%emt 00:01:09]} Qa5 {[%clk 01:19:57]} {[%emt
00:04:38]} 12. Bxc6 {[%clk 01:19:11]} {[%emt 00:02:19]} Qxa4 {[%clk 01:19:34]}
{[%emt 00:00:53]} 13. Bxa4 {[%clk 01:19:22]} {[%emt 00:00:19]} Nd5 {[%clk
01:16:00]} {[%emt 00:04:03]} 14. Nxd5 {[%clk 01:17:27]} {[%emt 00:02:25]} Bxd5
{[%clk 01:16:17]} {[%emt 00:00:13]} 15. Rab1 {[%clk 01:16:19]} {[%emt
00:01:39]} Rac8 {[%clk 01:15:34]} {[%emt 00:01:10]} 16. Rfc1 {[%clk 01:14:26]}
{[%emt 00:02:25]} Rxc5 {[%clk 01:13:46]} {[%emt 00:02:19]} 17. b3 {[%clk
01:10:24]} {[%emt 00:04:32]} c3 {[%clk 01:09:58]} {[%emt 00:04:18]} 18. b4
{[%clk 01:04:15]} {[%emt 00:06:39]} Rcc8 {[%clk 01:09:23]} {[%emt 00:01:03]}
19. Rc2 {[%clk 00:56:46]} {[%emt 00:08:02]} cxd2 {[%clk 01:08:55]} {[%emt
00:00:57]} 20. Rxd2 {[%clk 00:56:46]} {[%emt 00:00:30]} Be4 {[%clk 01:08:44]}
{[%emt 00:00:40]} 21. Rbd1 {[%clk 00:55:56]} {[%emt 00:01:21]} Bc3 {[%clk
01:07:06]} {[%emt 00:02:03]} 22. Rd7 {[%clk 00:53:35]} {[%emt 00:02:57]} Bc6
{[%clk 01:03:32]} {[%emt 00:04:04]} 23. Bxc6 {[%clk 00:53:45]} {[%emt
00:00:19]} bxc6 {[%clk 01:03:47]} {[%emt 00:00:15]} 24. Bd2 {[%clk 00:53:12]}
{[%emt 00:01:03]} Bf6 {[%clk 01:01:21]} {[%emt 00:02:47]} 25. Rxa7 {[%clk
00:52:20]} {[%emt 00:01:31]} Ra8 {[%clk 01:01:27]} {[%emt 00:00:21]} 26. Rc7
{[%clk 00:51:15]} {[%emt 00:01:38]} Ra6 {[%clk 00:59:24]} {[%emt 00:02:33]} 27.
Kf1 {[%clk 00:43:05]} {[%emt 00:08:40]} e6 {[%clk 00:59:10]} {[%emt 00:00:44]}
28. Be3 {[%clk 00:41:34]} {[%emt 00:02:01]} Rfa8 {[%clk 00:58:35]} {[%emt
00:01:00]} 29. Bc5 {[%clk 00:38:12]} {[%emt 00:03:57]} Bd8 {[%clk 00:58:25]}
{[%emt 00:00:36]} 30. Rb7 {[%clk 00:36:06]} {[%emt 00:02:40]} 1/2-1/2

[Event "ODJM C 2024"]
[Site "Willingen GER"]
[Date "2024.05.24"]
[Round "8"]
[White "Glaser-Gallion, Ludwig"]
[Black "Kraus, Joshua"]
[Result "1-0"]
[Termination "normal"]
[Board "20"]
[WhiteElo "1236"]
[BlackElo "1111"]
[WhiteClock "00:49:36"]
[BlackClock "00:51:43"]
[PlyCount "67"]
[WhiteFideId "533001880"]
[BlackFideId "34660500"]
[EventCountry "GER"]
[EventRounds "9"]
[EventType "swiss"]
[EventDate "2024.05.18"]

1. d4 {[%emt 00:00:03]} d5 {[%emt 00:00:08]} 2. Bf4 {[%clk 01:30:40]} {[%emt
00:00:08]} Nf6 {[%clk 01:30:47]} {[%emt 00:00:12]} 3. e3 {[%clk 01:30:57]}
{[%emt 00:00:14]} e6 {[%clk 01:31:10]} {[%emt 00:00:07]} 4. c4 {[%clk
01:31:01]} {[%emt 00:00:26]} Bd6 {[%clk 01:31:25]} {[%emt 00:00:15]} 5. Bg3
{[%clk 01:31:07]} {[%emt 00:00:25]} O-O {[%clk 01:31:32]} {[%emt 00:00:22]} 6.
Nc3 {[%clk 01:30:39]} {[%emt 00:00:58]} b6 {[%clk 01:31:23]} {[%emt 00:00:39]}
7. Nf3 {[%clk 01:30:20]} {[%emt 00:00:49]} Bb7 {[%clk 01:31:18]} {[%emt
00:00:35]} 8. Bd3 {[%clk 01:29:31]} {[%emt 00:01:18]} c5 {[%clk 01:30:44]}
{[%emt 00:01:05]} 9. Bxd6 {[%clk 01:22:04]} {[%emt 00:07:57]} Qxd6 {[%clk
01:30:55]} {[%emt 00:00:19]} 10. O-O {[%clk 01:21:58]} {[%emt 00:00:35]} Nbd7
{[%clk 01:30:01]} {[%emt 00:01:25]} 11. b3 {[%clk 01:14:05]} {[%emt 00:08:24]}
Ne4 {[%clk 01:26:45]} {[%emt 00:03:45]} 12. dxc5 {[%clk 01:06:53]} {[%emt
00:07:41]} Ndxc5 {[%clk 01:26:03]} {[%emt 00:01:14]} 13. Bxe4 {[%clk 01:04:43]}
{[%emt 00:02:39]} Nxe4 {[%clk 01:23:32]} {[%emt 00:03:01]} 14. Nxe4 {[%clk
01:05:02]} {[%emt 00:00:11]} Qe7 {[%clk 01:22:11]} {[%emt 00:01:50]} 15. cxd5
{[%clk 01:04:10]} {[%emt 00:01:22]} exd5 {[%clk 01:21:43]} {[%emt 00:00:59]}
16. Ng3 {[%clk 01:02:39]} {[%emt 00:02:00]} Rac8 {[%clk 01:15:02]} {[%emt
00:07:11]} 17. Qd4 {[%clk 01:00:52]} {[%emt 00:02:18]} f5 {[%clk 01:10:29]}
{[%emt 00:05:03]} 18. Qe5 {[%clk 00:59:51]} {[%emt 00:01:30]} Qf7 {[%clk
01:07:38]} {[%emt 00:03:22]} 19. Nd4 {[%clk 00:58:41]} {[%emt 00:01:40]} g6
{[%clk 01:06:47]} {[%emt 00:01:21]} 20. Qe6 {[%clk 00:58:41]} {[%emt 00:00:29]}
Qxe6 {[%clk 01:05:52]} {[%emt 00:01:25]} 21. Nxe6 {[%clk 00:59:00]} {[%emt
00:00:09]} Rf6 {[%clk 01:05:44]} {[%emt 00:00:40]} 22. Nd4 {[%clk 00:58:41]}
{[%emt 00:00:49]} Ba6 {[%clk 01:03:13]} {[%emt 00:03:02]} 23. Rfc1 {[%clk
00:57:56]} {[%emt 00:01:15]} Rxc1+ {[%clk 01:02:50]} {[%emt 00:00:53]} 24. Rxc1
{[%clk 00:57:48]} {[%emt 00:00:38]} f4 {[%clk 01:01:23]} {[%emt 00:01:58]} 25.
exf4 {[%clk 00:56:05]} {[%emt 00:02:12]} Rxf4 {[%clk 01:01:45]} {[%emt
00:00:09]} 26. Nf3 {[%clk 00:55:38]} {[%emt 00:00:56]} Kg7 {[%clk 00:55:30]}
{[%emt 00:06:45]} 27. Rd1 {[%clk 00:53:54]} {[%emt 00:02:14]} Bb7 {[%clk
00:54:46]} {[%emt 00:01:14]} 28. Ne2 {[%clk 00:52:22]} {[%emt 00:02:02]} Rf5
{[%clk 00:53:42]} {[%emt 00:01:35]} 29. Ned4 {[%clk 00:51:51]} {[%emt
00:01:00]} Rf6 {[%clk 00:53:16]} {[%emt 00:00:56]} 30. Rc1 {[%clk 00:50:31]}
{[%emt 00:01:50]} a5 {[%clk 00:50:58]} {[%emt 00:02:48]} 31. Rc7+ {[%clk
00:50:29]} {[%emt 00:00:32]} Rf7 {[%clk 00:51:16]} {[%emt 00:00:13]} 32. Ne6+
{[%clk 00:50:13]} {[%emt 00:00:46]} Kg8 {[%clk 00:51:20]} {[%emt 00:00:25]} 33.
Rxf7 {[%clk 00:49:36]} {[%emt 00:01:08]} Kxf7 {[%clk 00:51:43]} {[%emt
00:00:07]} 34. Nd8+ {[%emt 00:01:00]} 1-0

[Event "ODJM C 2024"]
[Site "Willingen GER"]
[Date "2024.05.24"]
[Round "8"]
[White "Berger, Jennifer"]
[Black "Frydel, Helena"]
[Result "0-1"]
[Termination "normal"]
[Board "21"]
[WhiteElo "1462"]
[BlackElo "1485"]
[WhiteClock "01:04:14"]
[BlackClock "01:27:41"]
[PlyCount "132"]
[WhiteFideId "34630074"]
[BlackFideId "16266536"]
[EventCountry "GER"]
[EventRounds "9"]
[EventType "swiss"]
[EventDate "2024.05.18"]

1. e4 {[%clk 01:30:58]} {[%emt 00:00:02]} e5 {[%clk 01:30:48]} {[%emt
00:00:13]} 2. Nf3 {[%clk 01:31:16]} {[%emt 00:00:11]} Nf6 {[%clk 01:31:12]}
{[%emt 00:00:07]} 3. Nxe5 {[%clk 01:30:09]} {[%emt 00:01:36]} d6 {[%clk
01:31:35]} {[%emt 00:00:08]} 4. Nf3 {[%clk 01:30:33]} {[%emt 00:00:05]} Nxe4
{[%clk 01:32:00]} {[%emt 00:00:05]} 5. Bc4 {[%clk 01:27:47]} {[%emt 00:03:17]}
d5 {[%clk 01:31:36]} {[%emt 00:00:54]} 6. Qe2 {[%clk 01:24:12]} {[%emt
00:04:05]} dxc4 {[%clk 01:26:40]} {[%emt 00:05:26]} 7. Qxe4+ {[%clk 01:24:09]}
{[%emt 00:00:32]} Qe7 {[%clk 01:27:04]} {[%emt 00:00:07]} 8. Qxe7+ {[%clk
01:24:02]} {[%emt 00:00:36]} Bxe7 {[%clk 01:27:29]} {[%emt 00:00:06]} 9. O-O
{[%clk 01:24:11]} {[%emt 00:00:21]} O-O {[%clk 01:27:44]} {[%emt 00:00:15]} 10.
Nc3 {[%clk 01:23:59]} {[%emt 00:00:41]} Nc6 {[%clk 01:26:39]} {[%emt 00:01:36]}
11. b3 {[%clk 01:23:20]} {[%emt 00:01:09]} cxb3 {[%clk 01:26:59]} {[%emt
00:00:10]} 12. axb3 {[%clk 01:23:35]} {[%emt 00:00:14]} Bf5 {[%clk 01:26:29]}
{[%emt 00:01:01]} 13. d3 {[%clk 01:18:08]} {[%emt 00:05:57]} Bf6 {[%clk
01:26:37]} {[%emt 00:00:22]} 14. Bb2 {[%clk 01:12:09]} {[%emt 00:06:28]} Nb4
{[%clk 01:25:21]} {[%emt 00:01:46]} 15. Rfc1 {[%clk 01:07:38]} {[%emt
00:05:01]} Bxd3 {[%clk 01:24:37]} {[%emt 00:01:14]} 16. Na4 {[%clk 01:04:54]}
{[%emt 00:03:14]} Bxb2 {[%clk 01:24:02]} {[%emt 00:01:05]} 17. Nxb2 {[%clk
01:05:11]} {[%emt 00:00:13]} Bxc2 {[%clk 01:23:55]} {[%emt 00:00:38]} 18. Ra4
{[%clk 01:04:53]} {[%emt 00:00:48]} a5 {[%clk 01:23:33]} {[%emt 00:00:51]} 19.
h3 {[%clk 01:04:04]} {[%emt 00:01:19]} Bxb3 {[%clk 01:23:02]} {[%emt 00:01:02]}
20. Ra3 {[%clk 01:04:15]} {[%emt 00:00:18]} Bd5 {[%clk 01:23:02]} {[%emt
00:00:28]} 21. Rxc7 {[%clk 01:03:45]} {[%emt 00:01:02]} Bxf3 {[%clk 01:23:22]}
{[%emt 00:00:10]} 22. gxf3 {[%clk 01:04:02]} {[%emt 00:00:13]} b6 {[%clk
01:23:35]} {[%emt 00:00:18]} 23. Nc4 {[%clk 01:03:22]} {[%emt 00:01:09]} Rab8
{[%clk 01:23:20]} {[%emt 00:00:44]} 24. Ne5 {[%clk 01:02:42]} {[%emt 00:01:10]}
Nd5 {[%clk 01:22:15]} {[%emt 00:01:36]} 25. Ra7 {[%clk 01:01:03]} {[%emt
00:02:09]} Nf6 {[%clk 01:21:55]} {[%emt 00:00:50]} 26. Rc3 {[%clk 01:00:46]}
{[%emt 00:00:38]} Rfc8 {[%clk 01:21:08]} {[%emt 00:01:26]} 27. Rxc8+ {[%clk
01:00:07]} {[%emt 00:01:09]} Rxc8 {[%clk 01:21:31]} {[%emt 00:00:07]} 28. Nc6
{[%clk 01:00:16]} {[%emt 00:00:21]} Kf8 {[%clk 01:20:54]} {[%emt 00:01:07]} 29.
Ne7 {[%clk 00:59:45]} {[%emt 00:01:01]} Rc1+ {[%clk 01:20:52]} {[%emt
00:00:32]} 30. Kg2 {[%clk 01:00:05]} {[%emt 00:00:10]} g6 {[%clk 01:21:04]}
{[%emt 00:00:18]} 31. Kg3 {[%clk 00:59:17]} {[%emt 00:01:18]} a4 {[%clk
01:18:50]} {[%emt 00:02:45]} 32. Kf4 {[%clk 00:58:30]} {[%emt 00:01:17]} Rc5
{[%clk 01:19:10]} {[%emt 00:00:09]} 33. Nxg6+ {[%clk 00:58:07]} {[%emt
00:00:53]} hxg6 {[%clk 01:18:43]} {[%emt 00:00:58]} 34. Rxa4 {[%clk 00:58:26]}
{[%emt 00:00:11]} b5 {[%clk 01:18:56]} {[%emt 00:00:17]} 35. Ra5 {[%clk
00:58:41]} {[%emt 00:00:14]} Nh5+ {[%clk 01:18:10]} {[%emt 00:01:16]} 36. Ke4
{[%clk 00:58:57]} {[%emt 00:00:13]} Rc4+ {[%clk 01:18:11]} {[%emt 00:00:30]}
37. Kd3 {[%clk 00:59:18]} {[%emt 00:00:09]} Nf4+ {[%clk 01:17:59]} {[%emt
00:00:42]} 38. Ke3 {[%clk 00:59:20]} {[%emt 00:00:28]} b4 {[%clk 01:18:18]}
{[%emt 00:00:11]} 39. Rb5 {[%clk 00:59:13]} {[%emt 00:00:38]} Nxh3 {[%clk
01:18:40]} {[%emt 00:00:08]} 40. Kd3 {[%clk 00:59:36]} {[%emt 00:00:07]} Rc3+
{[%clk 01:19:05]} {[%emt 00:00:05]} 41. Kd4 {[%clk 00:59:53]} {[%emt 00:00:12]}
Rxf3 {[%clk 01:19:19]} {[%emt 00:00:16]} 42. Rxb4 {[%clk 01:00:13]} {[%emt
00:00:10]} Rf4+ {[%clk 01:19:44]} {[%emt 00:00:05]} 43. Kc3 {[%clk 01:00:37]}
{[%emt 00:00:06]} Rxb4 {[%clk 01:20:09]} {[%emt 00:00:05]} 44. Kxb4 {[%clk
01:00:29]} {[%emt 00:00:39]} Nxf2 {[%clk 01:20:33]} {[%emt 00:00:06]} 45. Kc3
{[%clk 01:00:54]} {[%emt 00:00:05]} f5 {[%clk 01:21:00]} {[%emt 00:00:03]} 46.
Kd2 {[%clk 01:00:56]} {[%emt 00:00:27]} Ne4+ {[%clk 01:21:25]} {[%emt
00:00:06]} 47. Ke2 {[%clk 01:01:19]} {[%emt 00:00:06]} Kf7 {[%clk 01:21:49]}
{[%emt 00:00:06]} 48. Kf3 {[%clk 01:01:36]} {[%emt 00:00:13]} Kf6 {[%clk
01:22:13]} {[%emt 00:00:07]} 49. Kg2 {[%clk 01:01:57]} {[%emt 00:00:08]} g5
{[%clk 01:22:38]} {[%emt 00:00:06]} 50. Kh1 {[%clk 01:02:16]} {[%emt 00:00:10]}
f4 {[%clk 01:22:59]} {[%emt 00:00:10]} 51. Kg1 {[%clk 01:02:36]} {[%emt
00:00:09]} g4 {[%clk 01:23:21]} {[%emt 00:00:08]} 52. Kh1 {[%clk 01:03:02]}
{[%emt 00:00:05]} Nf2+ {[%clk 01:23:28]} {[%emt 00:00:23]} 53. Kg1 {[%clk
01:03:24]} {[%emt 00:00:07]} f3 {[%clk 01:23:49]} {[%emt 00:00:10]} 54. Kxf2
{[%clk 01:03:48]} {[%emt 00:00:05]} Kf5 {[%clk 01:24:15]} {[%emt 00:00:04]} 55.
Kg1 {[%clk 01:04:05]} {[%emt 00:00:12]} Kf4 {[%clk 01:24:17]} {[%emt 00:00:29]}
56. Kf2 {[%clk 01:04:27]} {[%emt 00:00:08]} g3+ {[%clk 01:24:28]} {[%emt
00:00:20]} 57. Kg1 {[%clk 01:04:51]} {[%emt 00:00:05]} f2+ {[%clk 01:24:25]}
{[%emt 00:00:34]} 58. Kg2 {[%clk 01:05:00]} {[%emt 00:00:19]} Ke3 {[%clk
01:24:45]} {[%emt 00:00:11]} 59. Kf1 {[%clk 01:05:25]} {[%emt 00:00:06]} g2+
{[%clk 01:25:04]} {[%emt 00:00:11]} 60. Kxg2 {[%clk 01:05:45]} {[%emt
00:00:09]} Ke2 {[%clk 01:25:28]} {[%emt 00:00:06]} 61. Kh1 {[%clk 01:05:53]}
{[%emt 00:00:21]} f1=Q+ {[%clk 01:25:46]} {[%emt 00:00:13]} 62. Kh2 {[%clk
01:03:48]} {[%emt 00:02:34]} Qf3 {[%clk 01:26:07]} {[%emt 00:00:09]} 63. Kg1
{[%clk 01:03:53]} {[%emt 00:00:25]} Ke3 {[%clk 01:26:19]} {[%emt 00:00:19]} 64.
Kh2 {[%clk 01:03:36]} {[%emt 00:00:47]} Qg4 {[%clk 01:26:47]} {[%emt 00:00:02]}
65. Kh1 {[%clk 01:03:48]} {[%emt 00:00:17]} Kf2 {[%clk 01:27:12]} {[%emt
00:00:06]} 66. Kh2 {[%clk 01:04:14]} {[%emt 00:00:04]} Qg2 {[%clk 01:27:41]}
{[%emt 00:00:02]} 0-1

[Event "ODJM C 2024"]
[Site "Willingen GER"]
[Date "2024.05.24"]
[Round "8"]
[White "Yarmish, Kyryl"]
[Black "Wilting, Oskar"]
[Result "0-1"]
[Termination "normal"]
[Board "22"]
[WhiteElo "1707"]
[BlackElo "1503"]
[WhiteClock "00:00:59"]
[BlackClock "00:17:12"]
[PlyCount "78"]
[WhiteFideId "34691880"]
[BlackFideId "34640053"]
[EventCountry "GER"]
[EventRounds "9"]
[EventType "swiss"]
[EventDate "2024.05.18"]

1. Nf3 {[%clk 01:30:52]} {[%emt 00:00:07]} d5 {[%clk 01:30:49]} {[%emt
00:00:10]} 2. g3 {[%clk 01:31:07]} {[%emt 00:00:15]} Nf6 {[%clk 01:31:08]}
{[%emt 00:00:11]} 3. Bg2 {[%clk 01:31:17]} {[%emt 00:00:20]} c6 {[%clk
01:31:26]} {[%emt 00:00:12]} 4. O-O {[%clk 01:31:18]} {[%emt 00:00:29]} Bg4
{[%clk 01:31:40]} {[%emt 00:00:16]} 5. h3 {[%clk 01:30:46]} {[%emt 00:01:03]}
Bf5 {[%clk 01:31:50]} {[%emt 00:00:17]} 6. d3 {[%clk 01:30:59]} {[%emt
00:00:20]} e6 {[%clk 01:31:54]} {[%emt 00:00:25]} 7. Nbd2 {[%clk 01:31:09]}
{[%emt 00:00:21]} Nbd7 {[%clk 01:31:32]} {[%emt 00:00:50]} 8. c4 {[%clk
01:30:59]} {[%emt 00:00:42]} Bd6 {[%clk 01:31:01]} {[%emt 00:01:00]} 9. b3
{[%clk 01:25:34]} {[%emt 00:05:56]} O-O {[%clk 01:29:29]} {[%emt 00:02:02]} 10.
Bb2 {[%clk 01:23:41]} {[%emt 00:02:22]} a6 {[%clk 01:25:51]} {[%emt 00:04:08]}
11. Nh4 {[%clk 01:18:35]} {[%emt 00:05:37]} Bg6 {[%clk 01:25:04]} {[%emt
00:01:18]} 12. Nxg6 {[%clk 01:14:31]} {[%emt 00:04:34]} hxg6 {[%clk 01:24:37]}
{[%emt 00:00:55]} 13. Rc1 {[%clk 01:09:39]} {[%emt 00:05:23]} Rc8 {[%clk
01:20:25]} {[%emt 00:04:42]} 14. Qc2 {[%clk 01:03:01]} {[%emt 00:07:07]} b5
{[%clk 01:17:49]} {[%emt 00:03:07]} 15. Qb1 {[%clk 01:00:56]} {[%emt 00:02:34]}
Qb6 {[%clk 01:05:13]} {[%emt 00:13:06]} 16. Qa1 {[%clk 00:56:57]} {[%emt
00:04:29]} Bxg3 {[%clk 00:56:52]} {[%emt 00:08:52]} 17. Bd4 {[%clk 00:55:10]}
{[%emt 00:02:17]} c5 {[%clk 00:55:37]} {[%emt 00:01:44]} 18. Bxf6 {[%clk
00:54:43]} {[%emt 00:00:57]} Nxf6 {[%clk 00:55:32]} {[%emt 00:00:35]} 19. fxg3
{[%clk 00:54:47]} {[%emt 00:00:27]} dxc4 {[%clk 00:55:35]} {[%emt 00:00:27]}
20. bxc4 {[%clk 00:54:38]} {[%emt 00:00:38]} bxc4 {[%clk 00:55:48]} {[%emt
00:00:18]} 21. Nxc4 {[%clk 00:54:29]} {[%emt 00:00:39]} Qc7 {[%clk 00:55:43]}
{[%emt 00:00:35]} 22. Rf3 {[%clk 00:49:37]} {[%emt 00:05:22]} Nh5 {[%clk
00:50:30]} {[%emt 00:05:43]} 23. Qe5 {[%clk 00:48:43]} {[%emt 00:01:25]} Qa7
{[%clk 00:49:29]} {[%emt 00:01:29]} 24. Nd6 {[%clk 00:45:12]} {[%emt 00:04:02]}
Rcd8 {[%clk 00:48:42]} {[%emt 00:01:17]} 25. Kh2 {[%clk 00:40:24]} {[%emt
00:05:17]} Kh8 {[%clk 00:46:23]} {[%emt 00:02:49]} 26. Ne4 {[%clk 00:36:49]}
{[%emt 00:04:07]} Rd5 {[%clk 00:46:03]} {[%emt 00:00:50]} 27. Qc3 {[%clk
00:34:08]} {[%emt 00:03:10]} f5 {[%clk 00:43:33]} {[%emt 00:03:00]} 28. Nd2
{[%clk 00:31:39]} {[%emt 00:02:57]} Qc7 {[%clk 00:41:30]} {[%emt 00:02:35]} 29.
Re3 {[%clk 00:26:33]} {[%emt 00:05:35]} Rd7 {[%clk 00:35:49]} {[%emt 00:06:10]}
30. Qxc5 {[%clk 00:24:28]} {[%emt 00:02:37]} Qb8 {[%clk 00:35:11]} {[%emt
00:01:08]} 31. Rb1 {[%clk 00:24:18]} {[%emt 00:00:40]} Qd8 {[%clk 00:34:49]}
{[%emt 00:00:50]} 32. Rxe6 {[%clk 00:20:38]} {[%emt 00:04:11]} Rc7 {[%clk
00:31:39]} {[%emt 00:03:41]} 33. Rc6 {[%clk 00:15:09]} {[%emt 00:05:59]} Rxc6
{[%clk 00:28:50]} {[%emt 00:03:19]} 34. Qxc6 {[%clk 00:15:22]} {[%emt
00:00:16]} Nxg3 {[%clk 00:27:51]} {[%emt 00:01:29]} 35. Qxg6 {[%clk 00:07:33]}
{[%emt 00:08:19]} f4 {[%clk 00:24:52]} {[%emt 00:03:30]} 36. Rb7 {[%clk
00:04:32]} {[%emt 00:03:30]} Nf5 {[%clk 00:23:12]} {[%emt 00:02:10]} 37. Be4
{[%clk 00:03:00]} {[%emt 00:02:03]} Rf6 {[%clk 00:20:44]} {[%emt 00:02:58]} 38.
Qh5+ {[%clk 00:02:27]} {[%emt 00:01:01]} Nh6 {[%clk 00:19:33]} {[%emt
00:01:42]} 39. Qg5 {[%clk 00:00:59]} {[%emt 00:01:56]} Qf8 {[%clk 00:17:12]}
{[%emt 00:02:50]} 0-1

[Event "ODJM C 2024"]
[Site "Willingen GER"]
[Date "2024.05.24"]
[Round "8"]
[White "Pawlus, Daniel"]
[Black "Racky, Benedikt"]
[Result "0-1"]
[Termination "normal"]
[Board "23"]
[WhiteElo "1060"]
[BlackElo "1180"]
[WhiteClock "00:59:56"]
[BlackClock "01:10:25"]
[PlyCount "64"]
[WhiteFideId "34672320"]
[BlackFideId "16239458"]
[EventCountry "GER"]
[EventRounds "9"]
[EventType "swiss"]
[EventDate "2024.05.18"]

1. d4 {[%clk 01:30:55]} {[%emt 00:00:04]} d5 {[%clk 01:30:58]} {[%emt
00:00:03]} 2. c4 {[%clk 01:30:55]} {[%emt 00:00:29]} e6 {[%clk 01:31:25]}
{[%emt 00:00:03]} 3. Nc3 {[%clk 01:31:00]} {[%emt 00:00:26]} Nf6 {[%clk
01:31:50]} {[%emt 00:00:05]} 4. Nf3 {[%clk 01:30:37]} {[%emt 00:00:53]} Nc6
{[%clk 01:31:32]} {[%emt 00:00:48]} 5. Bg5 {[%clk 01:28:42]} {[%emt 00:02:25]}
Be7 {[%clk 01:28:47]} {[%emt 00:03:15]} 6. e3 {[%clk 01:25:45]} {[%emt
00:03:27]} O-O {[%clk 01:27:27]} {[%emt 00:01:49]} 7. Bd3 {[%clk 01:22:59]}
{[%emt 00:03:16]} h6 {[%clk 01:27:11]} {[%emt 00:00:47]} 8. Bxf6 {[%clk
01:21:53]} {[%emt 00:01:35]} Bxf6 {[%clk 01:27:34]} {[%emt 00:00:07]} 9. O-O
{[%clk 01:19:55]} {[%emt 00:02:28]} Ne7 {[%clk 01:23:22]} {[%emt 00:04:42]} 10.
c5 {[%clk 01:17:33]} {[%emt 00:02:53]} c6 {[%clk 01:22:37]} {[%emt 00:01:15]}
11. b4 {[%clk 01:15:43]} {[%emt 00:02:20]} Ng6 {[%clk 01:21:37]} {[%emt
00:01:30]} 12. Qc2 {[%clk 01:11:57]} {[%emt 00:04:15]} e5 {[%clk 01:20:21]}
{[%emt 00:01:47]} 13. Bxg6 {[%clk 01:10:24]} {[%emt 00:02:03]} e4 {[%clk
01:20:12]} {[%emt 00:00:38]} 14. Bxe4 {[%clk 01:09:27]} {[%emt 00:01:27]} dxe4
{[%clk 01:20:26]} {[%emt 00:00:17]} 15. Nxe4 {[%clk 01:08:11]} {[%emt
00:01:45]} Bf5 {[%clk 01:20:44]} {[%emt 00:00:12]} 16. Nxf6+ {[%clk 01:07:23]}
{[%emt 00:01:19]} Qxf6 {[%clk 01:21:08]} {[%emt 00:00:06]} 17. Qe2 {[%clk
01:07:26]} {[%emt 00:00:26]} Rfe8 {[%clk 01:16:37]} {[%emt 00:05:01]} 18. b5
{[%clk 01:04:32]} {[%emt 00:03:25]} Be4 {[%clk 01:14:18]} {[%emt 00:02:49]} 19.
bxc6 {[%clk 01:03:57]} {[%emt 00:01:05]} Bxc6 {[%clk 01:14:24]} {[%emt
00:00:23]} 20. Rfc1 {[%clk 01:02:56]} {[%emt 00:01:30]} Re4 {[%clk 01:10:53]}
{[%emt 00:04:02]} 21. Ne5 {[%clk 01:00:56]} {[%emt 00:02:30]} Qg5 {[%clk
01:10:53]} {[%emt 00:00:30]} 22. Nxc6 {[%clk 01:00:36]} {[%emt 00:00:50]} bxc6
{[%clk 01:11:06]} {[%emt 00:00:17]} 23. Qa6 {[%clk 00:59:29]} {[%emt 00:01:37]}
Re6 {[%clk 01:10:38]} {[%emt 00:00:59]} 24. Rab1 {[%clk 00:59:01]} {[%emt
00:00:57]} Rg6 {[%clk 01:10:12]} {[%emt 00:00:56]} 25. g3 {[%clk 00:59:06]}
{[%emt 00:00:26]} h5 {[%clk 01:09:51]} {[%emt 00:00:50]} 26. Rb7 {[%clk
00:59:06]} {[%emt 00:00:31]} h4 {[%clk 01:10:01]} {[%emt 00:00:19]} 27. Rxa7
{[%clk 00:59:02]} {[%emt 00:00:35]} Rxa7 {[%clk 01:10:09]} {[%emt 00:00:21]}
28. Qxa7 {[%clk 00:59:24]} {[%emt 00:00:08]} hxg3 {[%clk 01:10:34]} {[%emt
00:00:05]} 29. hxg3 {[%clk 00:59:35]} {[%emt 00:00:19]} Qh5 {[%clk 01:10:04]}
{[%emt 00:01:01]} 30. Qa8+ {[%clk 00:59:41]} {[%emt 00:00:22]} Kh7 {[%clk
01:10:28]} {[%emt 00:00:07]} 31. Qxc6 {[%clk 00:59:59]} {[%emt 00:00:13]} Rxc6
{[%clk 01:10:51]} {[%emt 00:00:07]} 32. a4 {[%clk 00:59:56]} {[%emt 00:00:33]}
Rh6 {[%clk 01:10:25]} {[%emt 00:00:56]} 0-1